Modern Robotics (Record no. 540558)

000 -LEADER
fixed length control field 01795cam a22004577i 4500
001 - CONTROL NUMBER
control field 19866659
003 - CONTROL NUMBER IDENTIFIER
control field NUST
005 - DATE AND TIME OF LATEST TRANSACTION
control field 20211119112447.0
008 - FIXED-LENGTH DATA ELEMENTS--GENERAL INFORMATION
fixed length control field 170807s2017 enka b 001 0 eng d
010 ## - LIBRARY OF CONGRESS CONTROL NUMBER
LC control number 2017302004
020 ## - INTERNATIONAL STANDARD BOOK NUMBER
International Standard Book Number 9781107156302
035 ## - SYSTEM CONTROL NUMBER
System control number (OCoLC)ocn983881868
038 ## - RECORD CONTENT LICENSOR
Staff Name khadija
040 ## - CATALOGING SOURCE
Original cataloging agency YDX
Language of cataloging eng
Transcribing agency YDX
Modifying agency NKM
-- OCLCF
-- YDX
-- LTSCA
-- DLC
042 ## - AUTHENTICATION CODE
Authentication code lccopycat
050 00 - LIBRARY OF CONGRESS CALL NUMBER
Classification number TJ211
Item number .L96 2017
082 04 - DEWEY DECIMAL CLASSIFICATION NUMBER
Classification number 629.8
Edition number 23
Author Mark KYN
100 1# - MAIN ENTRY--PERSONAL NAME
Personal name Lynch, Kevin M.
9 (RLIN) 84566
245 10 - TITLE STATEMENT
Title Modern Robotics
Remainder of title mechanics, planning, and control /
Statement of responsibility, etc. Kevin M. Lynch, Northwestern University, Illinois ; Frank C. Park, Seoul National University.
264 #1 - PRODUCTION, PUBLICATION, DISTRIBUTION, MANUFACTURE, AND COPYRIGHT NOTICE
Place of production, publication, distribution, manufacture Cambridge, UK :
Name of producer, publisher, distributor, manufacturer Cambridge University Press,
Date of production, publication, distribution, manufacture, or copyright notice 2017.
300 ## - PHYSICAL DESCRIPTION
Extent xvi, 528 pages :
Other physical details illustrations ;
Dimensions 26 cm
336 ## - CONTENT TYPE
Content type term text
Content type code txt
Source rdacontent
337 ## - MEDIA TYPE
Media type term unmediated
Media type code n
Source rdamedia
338 ## - CARRIER TYPE
Carrier type term volume
Carrier type code nc
Source rdacarrier
504 ## - BIBLIOGRAPHY, ETC. NOTE
Bibliography, etc. note Includes bibliographical references (pages 515-523) and index.
563 ## - BINDING INFORMATION
Binding note HB
650 #0 - SUBJECT ADDED ENTRY--TOPICAL TERM
Topical term or geographic name entry element Robotics.
9 (RLIN) 2585
650 #0 - SUBJECT ADDED ENTRY--TOPICAL TERM
Topical term or geographic name entry element Robots
General subdivision Control systems.
9 (RLIN) 3139
650 #0 - SUBJECT ADDED ENTRY--TOPICAL TERM
Topical term or geographic name entry element Manipulators (Mechanism)
9 (RLIN) 3141
650 #0 - SUBJECT ADDED ENTRY--TOPICAL TERM
Topical term or geographic name entry element Robots
General subdivision Dynamics.
9 (RLIN) 84567
650 #0 - SUBJECT ADDED ENTRY--TOPICAL TERM
Topical term or geographic name entry element Robots
General subdivision Design and construction.
9 (RLIN) 84568
650 #7 - SUBJECT ADDED ENTRY--TOPICAL TERM
Topical term or geographic name entry element Manipulators (Mechanism)
Source of heading or term fast
Authority record control number or standard number (OCoLC)fst01007742
9 (RLIN) 3141
650 #7 - SUBJECT ADDED ENTRY--TOPICAL TERM
Topical term or geographic name entry element Robotics.
Source of heading or term fast
Authority record control number or standard number (OCoLC)fst01098997
9 (RLIN) 2585
650 #7 - SUBJECT ADDED ENTRY--TOPICAL TERM
Topical term or geographic name entry element Robots
General subdivision Control systems.
Source of heading or term fast
Authority record control number or standard number (OCoLC)fst01099044
9 (RLIN) 3139
650 #7 - SUBJECT ADDED ENTRY--TOPICAL TERM
Topical term or geographic name entry element Robots
General subdivision Design and construction.
Source of heading or term fast
Authority record control number or standard number (OCoLC)fst01099054
9 (RLIN) 84568
650 #7 - SUBJECT ADDED ENTRY--TOPICAL TERM
Topical term or geographic name entry element Robots
General subdivision Dynamics.
Source of heading or term fast
Authority record control number or standard number (OCoLC)fst01099055
9 (RLIN) 84567
700 1# - ADDED ENTRY--PERSONAL NAME
Personal name Park, Frank C.
9 (RLIN) 84569
906 ## - LOCAL DATA ELEMENT F, LDF (RLIN)
a 7
b cbc
c copycat
d 2
e ncip
f 20
g y-gencatlg
942 ## - ADDED ENTRY ELEMENTS (KOHA)
Source of classification or shelving scheme
Koha item type Book
Holdings
Withdrawn status Lost status Source of classification or shelving scheme Damaged status Not for loan Permanent Location Current Location Shelving location Date acquired Total Checkouts Total Renewals Full call number Barcode Date last seen Date last checked out Price effective from Koha item type
          School of Mechanical & Manufacturing Engineering (SMME) School of Mechanical & Manufacturing Engineering (SMME) General Stacks 10/28/2020 2 2 629.8 KYN SMME-3573 04/02/2024 09/13/2023 10/28/2020 Book
© 2023 Central Library, National University of Sciences and Technology. All Rights Reserved.